000
00301nam a22001337a 4500
008
170330b xxu||||| |||| 00| 0 eng d
020
_a
65086
041
_a
eng
080
_2
3RD
_a
616-053.2
100
_a
8
101
_a
SHM
245
_a
NEONATAL RESPIRATORY DISEASES
_c
WEISMAN, L.E
942
_2
udc
_c
BK
999
_c
9102
_d
9102